00323pab a2200133 454500008004000000100001900040245003800059260000900097300001300106362001100119650001700130650002200147773002000169180718b2004 xxu||||| |||| 00| 0 eng d aMulimani, V.H. aScience education in universities c2004 ap.13-15. a12 Jan aUniversities aScience education aUniversity News